القاموس الحديث : (Record no. 3664)
[ view plain ]
| 000 -الفاتح | |
|---|---|
| حقل البيانات ثابتة الطول | 01351nac a22001691u 4500 |
| 008 - عناصر البيانات ثابتة الطول - معلومات عامة | |
| حقل البيانات ثابتة الطول | 090317s2005 xxu||||| |||| 00| 0 ara d |
| 082 ## - رقم تصنيف ديوى العشرى | |
| رقم التصنيف | 657 657.3 .3 |
| رقم المادة | ح م ل |
| 245 ## - بيان العنوان | |
| العنوان | القاموس الحديث : |
| بقية العنوان | في العلوم الإدارية والمحاسبية والإقتصادية إنجليزي - عربي / |
| بيان المسئوليه,etc | محمد رشاد الحملاوي ، إشراف ومراجعة ماجدة أبوالفتوح |
| 250 ## - بيان الطبعة | |
| بيان الطبعة | ط 9 |
| 260 ## - PUBLICATION, DISTRIBUTION, ETC. (IMPRINT) | |
| مكان الناشر او الموزع | القاهرة : |
| اسم الناشر او الموزع | دار الحريرى ،2005 |
| تاريخ النشر أو التوزيع | 2005. |
| 300 ## - الوصف المادى | |
| التعداد | 475 ص ؛ |
| أبعاد الوعاء | 25 سم. |
| 650 ## - المدخل الاضافى بالموضوع-مصطلح موضوعى | |
| مصطلح موضوعي أو اسم جغرافي كعنصر مدخل | الإدارة الصناعية |
| 9 (RLIN) | 22072 |
| التقسيم الفرعي الشكلي | معاجم |
| 650 ## - المدخل الاضافى بالموضوع-مصطلح موضوعى | |
| مصطلح موضوعي أو اسم جغرافي كعنصر مدخل | اللغة الإنجليزية |
| 9 (RLIN) | 22071 |
| التقسيم الفرعي الشكلي | معاجم |
| التقسيم الفرعي العام | عربي |
| 650 ## - المدخل الاضافى بالموضوع-مصطلح موضوعى | |
| مصطلح موضوعي أو اسم جغرافي كعنصر مدخل | محاسبة |
| 9 (RLIN) | 22070 |
| التقسيم الفرعي الشكلي | قواميس ومعاجم |
| 700 ## - المدخل الاضافى - اسم شخصى | |
| 9 (RLIN) | 22073 |
| الإسم الشخصى | أبو الفتوح ، ماجدة |
| الدور | إشراف ومراجعة |
| 942 ## - عناصر المدخل الإضافي( كوها) | |
| Koha [default] item type | Book - Borrowing |
| سابقة رقم الطلب | 657.3 ح م ل |
| مصدر التصنيف او مخطط الترفيف | Dewey Decimal Classification |
| حالة التراجع | حالة الفقد | مصدر التصنيف او خطة الترفيف | حالة تلف | ليس للاعارة | المكان الدائم | المكان الحالي | موقع الترفيف | تاريخ الاكتساب | Source of acquisition | رقم الاستدعاء | الباركود | Date last seen | نوع الوعاء |
|---|---|---|---|---|---|---|---|---|---|---|---|---|---|
| Dewey Decimal Classification | Central Library | Central Library | First floor | 08/02/2011 | Purchase | 657.3 ح م ل | 000033263 | 15/07/2025 | Book - Borrowing |